| 000 | 01383nam a2200433 i 4500 | ||
|---|---|---|---|
| 001 | 55574 | ||
| 003 | KOSZ 005 | ||
| 005 | 20230124121117.0 | ||
| 008 | 071109s2007 pl a f |001 0 pol | ||
| 015 | _aPB 2008/1379 | ||
| 020 |
_a9788373481930 _z8373481930 |
||
| 040 |
_aWA N _cWA N _dKOSZ 005/HR |
||
| 046 | _k2007 | ||
| 080 | _a504.5 | ||
| 080 | _a532 | ||
| 080 | _a544.35 | ||
| 080 | _a519.86 | ||
| 100 | 1 |
_aSawicki, Jerzy M. _d(1950- ) _eAutor |
|
| 245 | 1 | 0 |
_aMigracja zanieczyszczeń / _cJerzy M. Sawicki. |
| 250 | _aWyd. 2. | ||
| 260 |
_aGdańsk : _bWydawnictwo Politechniki Gdańskiej, _c2007. |
||
| 300 |
_a329, [1] s. : _bil. ; _c24 cm. |
||
| 336 |
_2rdacontent _aTekst _btxt |
||
| 337 |
_2rdamedia _aBez urządzenia pośredniczącego _bn |
||
| 338 |
_2rdacarrier _aWolumin _bnc |
||
| 380 | _aKsiążki | ||
| 388 | _a2001- | ||
| 500 | _aNa książce wyłącznie błędny ISBN. | ||
| 504 | _aBibliogr. s. 318-323. Indeksy. | ||
| 650 | 4 | _aDegradacja środowiska | |
| 650 | 4 | _aModele matematyczne | |
| 650 | 4 | _aMechanika płynów | |
| 650 | 7 | _aRoztwory | |
| 650 | 7 | _aZawiesiny | |
| 658 | _aOchrona środowiska | ||
| 710 | 2 |
_aWydawnictwo Politechniki Gdańskiej _4pbl. |
|
| 856 |
_uhttp://koha.tu.koszalin.pl/cgi-bin/koha/opac-detail.pl?biblionumber=55574 _yKatalog online BPK |
||
| 942 |
_2UKD _cKS |
||
| 999 |
_c55574 _d55574 |
||